=LDR 00000nam 2200000 4500 =001 INLIS000000000021570 =005 20130612120423 =008 ***********************************Ind** =035 ##$$0010-061300000021570 =041 ##$$a Ind =082 ##$$a 959 =090 ##$$a 959, Alt a =245 ##$$a Altakmilah memoar =260 ##$$a [S.a] $b [S.l] =300 ##$$a 204 hlm, ilus, 21 cm =650 ##$$a Sejarah Timur Tengah =850 ##$$a NBPNMAT